Az államigazgatási eljárási kódexünk korszerűsítése
Elmentve itt :
| Szerző: | |
|---|---|
| További közreműködők: | |
| Dokumentumtípus: | Szakdolgozat |
| Megjelent: |
1983
|
| Tárgyszavak: | |
| Online Access: | http://diploma.bibl.u-szeged.hu/20767 |
| LEADER | 00590nta a2200157 i 4500 | ||
|---|---|---|---|
| 001 | dipl20767 | ||
| 005 | 20130314080334.0 | ||
| 008 | 111219s1983 hu om 0|| zxx d | ||
| 040 | |a SZTE Diploma Repozitórium |b hun | ||
| 041 | |a zxx | ||
| 100 | 1 | |a Medovarszky Gabriella | |
| 245 | 1 | 3 | |a Az államigazgatási eljárási kódexünk korszerűsítése |h [elektronikus dokumentum] / |c Gabriella Medovarszky |
| 260 | |c 1983 | ||
| 650 | 4 | |a Jogi és igazgatási tanulmányok | |
| 700 | 1 | |a nincs megadva |e ths | |
| 856 | 4 | 0 | |u http://diploma.bibl.u-szeged.hu/id/eprint/20767/1/1983_medavarszky_gabriella.pdf |z Dokumentum-elérés |